Wärmste Länder Europas - Statistiken

Allgemein
  • Dieses Quiz wurde 189 mal gespielt
  • Das Durchschnittsergebnis liegt bei 10 aus 12
Antwortstatistiken
Hint Antwort % Korrekt
14.5 C° Italien
100%
16.0 C° Griechenland
99%
15.1 C° Spanien
99%
16.9 C° Portugal
94%
13.8 C° Kroatien
91%
20.6 C° Malta
90%
14.2 C° Albanien
86%
14.4 C° Monaco
80%
14.3 C° San Marino
76%
20.1 C° Zypern
75%
13.4 C° Serbien
71%
13.5 C° Ungarn
55%
Keine übereinstimmenden Quizze gefunden
Verteilung der Resultate
Anzahl Personen mit jedem Resultat
Perzentil nach korrekt beantworteten Fragen
Ihre Resultats-Entwicklung
Sie haben dieses Quiz noch nicht gespielt